LEADER 03806nam 22005653 450 001 9910153606803321 005 20230808200635.0 010 $a9783734551321 010 $a3734551323 035 $a(CKB)3710000000962553 035 $a(MiAaPQ)EBC7137664 035 $a(Au-PeEL)EBL7137664 035 $a(Exl-AI)7137664 035 $a(Perlego)2072186 035 $a(EXLCZ)993710000000962553 100 $a20221117d2016 uy 0 101 0 $ager 135 $aurcnu|||||||| 181 $ctxt$2rdacontent 182 $cc$2rdamedia 183 $acr$2rdacarrier 200 10$aGrundlagen tiergestützter Dienstleistungen $eTiergestützte Therapie, Pädagogik und Fördermaßnahmen als interdisziplinäres Arbeitsfeld 210 1$aAhrensburg :$ctredition Verlag,$d2016. 210 4$d©2016. 215 $a1 online resource (291 pages) 311 08$a9783734551338 311 08$a3734551331 327 $aTitel -- Impressum -- Inhaltsverzeichnis -- 1 Einleitung: Zukunftsfeld tiergestützter Dienstleistungen -- Katharina Ameli, Anja S. Dulleck und Thomas Brüsemeister -- 2 Einblick in Begrifflichkeiten, Studien und Praxisfelder tiergestützter Dienstleistungen -- Katharina Ameli -- 3 Einführung in die wissenschaftliche Arbeit und die qualitative Sozialforschung -- Lisa Gromala -- 4 Zur Ethik der Mensch-Tier-Beziehung -- Petra Mayr -- 5 Rechtliche Grundlagen tiergestützter Dienstleistungen -- Barbara S. Felde -- 6 Kommunikation (in der Mensch-Tier-Beziehung) -- Michael Schamel -- 7 Tiergestützte Pädagogik in (vor-)schulischen Bildungseinrichtungen -- Inge A. Strunz -- 8 Heilpädagogisches Reiten -- Theresa F. Braun -- 9 Der Einsatz von Hunden in der Schule -- Mariam Gevorkyan -- 10 Der Einfluss tiergestützter Dienstleistungen auf das Wohlbefinden des Tieres -- Jessica Hornung und Anja S. Dulleck -- 11 Reptilien im tiergestützten Einsatz -- Daniela Zurr -- 12 Zoonosen als Problemlage tiergestützter Dienstleistungen -- Jessica Hornung -- 13 Schweinehaltung im Kontext tiergestützter Dienstleistungen -- Edina Hickl -- 14 Unterrichtsgestaltung mit Tieren in der Grundschule$7Generated by AI. 330 $aThis book provides a comprehensive overview of animal-assisted therapy, pedagogy, and work as a professional field. It explores the role of animals in therapeutic and educational settings, emphasizing the need for methodological and ethical considerations. The book covers various topics including the legal and ethical foundations, communication in human-animal interactions, and the specifics of using different animals such as dogs and reptiles in therapy. It is designed to give practitioners and students insights into the core areas of animal-assisted work, encouraging them to deepen their knowledge and reflect on their practices. The book is a valuable resource for professionals in psychology, education, and healthcare, as well as those interested in the welfare and ethical treatment of animals in professional settings.$7Generated by AI. 606 $aHuman-animal relationships$7Generated by AI 606 $aEthics$7Generated by AI 615 0$aHuman-animal relationships 615 0$aEthics 700 $aFelde$b Barbara F$01266887 701 $aBraun$b Theresa F$01266888 701 $aMayr$b Petra$01266889 701 $aStrunz$b Inge A$01266890 701 $aSchamel$b Michael$01266891 701 $aHühn$b Christopher$01266892 701 $aGevorkyan$b Mariam$01266893 701 $aDulleck$b Anja S$01266894 701 $aAmeli$b Katharina$0967952 701 $aZurr$b Daniela$01266895 801 0$bMiAaPQ 801 1$bMiAaPQ 801 2$bMiAaPQ 906 $aBOOK 912 $a9910153606803321 996 $aGrundlagen tiergestützter Dienstleistungen$92977870 997 $aUNINA LEADER 03714nam 22007695 450 001 9910483373403321 005 20251113190835.0 010 $a3-319-49004-4 024 7 $a10.1007/978-3-319-49004-5 035 $a(CKB)3710000000981101 035 $a(DE-He213)978-3-319-49004-5 035 $a(MiAaPQ)EBC6285409 035 $a(MiAaPQ)EBC5578467 035 $a(Au-PeEL)EBL5578467 035 $a(OCoLC)963934255 035 $a(PPN)197137059 035 $a(EXLCZ)993710000000981101 100 $a20161103d2016 u| 0 101 0 $aeng 135 $aurnn#008mamaa 181 $ctxt$2rdacontent 182 $cc$2rdamedia 183 $acr$2rdacarrier 200 10$aKnowledge Engineering and Knowledge Management $e20th International Conference, EKAW 2016, Bologna, Italy, November 19-23, 2016, Proceedings /$fedited by Eva Blomqvist, Paolo Ciancarini, Francesco Poggi, Fabio Vitali 205 $a1st ed. 2016. 210 1$aCham :$cSpringer International Publishing :$cImprint: Springer,$d2016. 215 $a1 online resource (XVII, 806 p. 167 illus.) 225 1 $aLecture Notes in Artificial Intelligence,$x2945-9141 ;$v10024 311 08$a3-319-49003-6 330 $aThis book constitutes the refereed proceedings of the 20th International Conference on Knowledge Engineering and Knowledge Management, EKAW 2016, held in Bologna, Italy, in November 2016. The 51 full papers presented were carefully reviewed and selected from 171 submissions. The papers cover all aspects of eliciting, acquiring, modeling, and managing knowledge, the construction of knowledge-intensive systems and services for the Semantic Web, knowledge management, e-business, natural language processing, intelligent information integration, personal digital assistance systems, and a variety of other related topics. A special focus was on "evolving knowledge", i.e., the impact of space and time on knowledge representation, concerning all aspects of the management and acquisition of knowledge representation of evolving, contextual, and local models. 410 0$aLecture Notes in Artificial Intelligence,$x2945-9141 ;$v10024 606 $aArtificial intelligence 606 $aApplication software 606 $aInformation storage and retrieval systems 606 $aDatabase management 606 $aData mining 606 $aSoftware engineering 606 $aArtificial Intelligence 606 $aComputer and Information Systems Applications 606 $aInformation Storage and Retrieval 606 $aDatabase Management 606 $aData Mining and Knowledge Discovery 606 $aSoftware Engineering 615 0$aArtificial intelligence. 615 0$aApplication software. 615 0$aInformation storage and retrieval systems. 615 0$aDatabase management. 615 0$aData mining. 615 0$aSoftware engineering. 615 14$aArtificial Intelligence. 615 24$aComputer and Information Systems Applications. 615 24$aInformation Storage and Retrieval. 615 24$aDatabase Management. 615 24$aData Mining and Knowledge Discovery. 615 24$aSoftware Engineering. 676 $a006.33 702 $aBlomqvist$b Eva$4edt$4http://id.loc.gov/vocabulary/relators/edt 702 $aCiancarini$b Paolo$4edt$4http://id.loc.gov/vocabulary/relators/edt 702 $aPoggi$b Francesco$4edt$4http://id.loc.gov/vocabulary/relators/edt 702 $aVitali$b Fabio$4edt$4http://id.loc.gov/vocabulary/relators/edt 801 0$bMiAaPQ 801 1$bMiAaPQ 801 2$bMiAaPQ 906 $aBOOK 912 $a9910483373403321 996 $aKnowledge engineering and knowledge management$91933916 997 $aUNINA